Statistiche per Quiz sulla Timor Est

Clicka qui per fare il quiz!

Statistiche generali

  • Questo quiz è stato fatto 242 volte
  • Il punteggio medio è 10 su 15

Statistiche sulle risposte

HintRisposta% Corretto
Paese che ha annesso Timor Est nel 1975Indonesia
97%
Timor Est è stata una colonia di questo paese dal 1700 al 1975Portogallo
91%
Lingue ufficialiPortoghese
88%
CapitaleDili
84%
Nome ufficiale di Timor Est secondo le Nazioni UniteTimor-{Leste}
74%
Unico altro paese prevalentemente cattolico in AsiaFilippine
73%
Nomina uno dei tre mari principali che confinano con Timor orientaleBanda | Savu | Timor
69%
Primo paese a riconoscere l'annessione che è stato anche sorpreso
a spiare Timor Est nel 2004
Australia
66%
Valuta utilizzata a Timor orientaleU.S. Dollaro
66%
La parola "Timor" deriva dalla parola malese "timur". Cosa significa?Est
63%
Risorsa che rapresenta la quasi metà delle esportazioni totali del paesePetrolio
63%
Secondo il mito della creazione di Timor Est, l'isola di Timor è stata realizzata
dal corpo di questo rettile
Coccodrillo
53%
Bacca che costituisce circa il 22% delle esportazioni totaliCaffè
49%
Lingue ufficialiTetum
42%
L'isola di Timor fa parte di questo arcipelagoPiccole Isole della {Sonda}
38%

Distribuzione punteggi

Percentile per numero di risposta

Percentuale di utenti per punteggio

I tuoi punteggi nel tempo

Non hai fatto questo quiz